000 00445nam a2200157 i 4500
001 75959
003 ES-MaACL
005 20230906172653.0
007 t|
008 040928s1956 ve ||||1| spa d
100 1 _aGrisanti, Angel.
_960083
245 1 3 _aEl sabio Cagigal y su familia /
_cAngel Grisanti.
260 _aCaracas :
_b[s.n.],
_c1956 (
_fImp. Nacional)
300 _a110 p., 12 lám. ;
_c23 cm.
852 _aES-MaACL
_jA-5906
_bR.94693
999 _c75959
_d75959